000 00972nam a22002777a 4500
003 CHAP
005 20220329140648.0
008 971013s1911 mx r 00010 spa d
010 _a55594
011 _a56566
035 _a60719
040 _cCHAP
082 0 4 _a972.6
_bA1 1911
100 0 0 _aYucatán. Gobernador.
_9123329
245 1 _aBreve informe que J.M. Pino Suárez rinde al pueblo yucateco, de su gestión administrativa durante los dos meses de junio a 9 de agosto de 1911
260 _aMérida :
_bImprenta de la "Escuela Correccional de Artes y Oficios",
_c1911
300 _a13 p.
590 _aBATCH-UPD
_b10
_c20130110
_lUCH01
_h0742
590 _aBATCH-UPD
_b10
_c20130410
_lUCH01
_h0423
590 _aBATCH-UPD
_b10
_c20130914
_lUCH01
_h2111
590 _aCONVERSION
_b10
_c20130109
_lUCH01
_h1330
650 1 4 _aYucatán
_xPolítica y gobierno.
_9123327
901 _aBK
942 _cLIBRO
949 _a972.6 A1 1911
_bBC
_cBPP
_d-130696
_eBPP
_h25889
_i60719
_si
999 _c55594
_d55594